000 01359nam0a22002651 4500
001 rc\3131146
005 20260407094603.0
021 _aRU
_bРг13277-75
021 _aRU
_b75-74180
035 _a(NLR Aleph) 007285311
090 _a5552537
_c5552537
100 _a20120615d1975 |||y0rusy50 ca
101 0 _arus
102 _aRU
105 _aa z |||||
200 1 _aПроект организации труда и норматива численности рабочих молочного комплекса беспривязно-боксового содержания коров
_e(Рекомендации руководителям, специалистам, рабочим молочных комплексов колхозов и совхозов края)
_fМ-во с. х. РСФСР. Всерос. НИИ труда и упр. в сел. хоз-ве. Произв. упр. сел. хоз-ва Краснодар. крайисполкома
210 _aКраснодар
_cБ. и.
_d1975
215 _a123 с.
_cил.
_d20
320 _aБиблиогр.: с. 121-122
712 0 2 _aВсероссийский НИИ труда и управления в сельском хозяйстве
_9336876
_3RU\NLR\AUTH\889920339
801 0 _aRU
_bNLR
_gpsbo
801 1 _aRU
_bELAR
_2rusmarc
852 _aNLR
_j75-3/5177
942 _cBOOK
980 _aNB